Statistics for Top 25 Most Favorited Pokemon

Click here to take the quiz!

General Stats

  • This quiz has been taken 7 times
  • The average score is 6 of 25

Answer Stats

Rank #GenerationTypeAnswer% Correct
11Fire-FlyingCharizard
100%
41Grass-PoisonBulbasaur
83%
101Dragon-FlyingDragonite
83%
231WaterBlastoise
67%
21Ghost-PoisonGengar
67%
141WaterSquirtle
67%
91NormalEevee
33%
153Ground-DragonFlygon
33%
244Dragon-GroundGarchomp
33%
191NormalSnorlax
33%
161FireNinetales
17%
204Grass-GroundTorterra
17%
113DarkAbsol
0%
132ElectricAmpharos
0%
31FireArcanine
0%
53Fire-FightingBlaziken
0%
83Physic-FairyGardevoir
0%
184Fire-FightingInfernape
0%
74Fighting-SteelLucario
0%
214ElectricLuxray
0%
243WaterMudkip
0%
222Bug-SteelScizor
0%
122FireTyphlosion
0%
172Rock-DarkTyranitar
0%
62DarkUmbreon
0%

Score Distribution

Percentile by Number Answered

Percent of People with Each Score

Your Score History

You have not taken this quiz